[Event "NRW-ch U16/18 Girls"]
[Site "Kranenburg"]
[Date "2005.03.29"]
[Round "3"]
[White "Czygan, Dana"]
[Black "Donner, Lioba"]
[Result "1/2-1/2"]
[WhiteElo "1350"]
[BlackElo "1475"]
[PlyCount "96"]
[EventDate "2005.03.28"]
[EventType "swiss"]
[EventRounds "7"]
[EventCountry "GER"]
[SourceTitle "CBM 105 Extra"]
[Source "ChessBase"]
[SourceDate "2005.05.01"]
[SourceVersion "1"]
[SourceVersionDate "2005.05.01"]
[SourceQuality "1"]

1. c4 g6 2. Nf3 Bg7 3. g3 Nf6 4. Nc3 c6 5. Bg2 0-0 6. 0-0 d5 7. cxd5 cxd5 8. d4 Bf5 9. Bf4 Nc6 10. a3 Ne4 11. Rc1 Rc8 12. e3 e6 13. Nd2 Nxd2 14. Qxd2 g5 15. g4 Bxg4 16. Bg3 Na5 17. Rce1 Nc4 18. Qc1 h6 19. f3 Bf5 20. Rf2 Bg6 21. Qd1 Qb6 22. Na4 Qc6 23. Qb3 b6 24. Nc3 Nxb2 25. Nxd5 Qxd5 26. Qxb2 Qa5 27. Ra1 Bf6 28. Qb4 Qa6 29. Bf1 Bd3 30. Rd2 Bxf1 31. Rxf1 Rfe8 32. Bd6 Qb7 33. Rg2 Kh7 34. Rg3 Be7 35. Rh3 a5 36. Qb5 Bxd6 37. Qxg5 Bf8 38. Qg4 f5 39. Qh5 Bg7 40. Rg3 Rg8 41. Qg6+ Kh8 42. Qxe6 Qc6 43. Qxf5 Qc3 44. Qe6 Qxa3 45. Kh1 Qb4 46. Rxg7 Kxg7 47. Rg1+ Kh7 48. Qf7+ Kh8 1/2-1/2

[Event "NRW-ch U16/18 Girls"]
[Site "Kranenburg"]
[Date "2005.03.28"]
[Round "1"]
[White "Deeke, Doreen"]
[Black "Donner, Lioba"]
[Result "0-1"]
[WhiteElo "919"]
[BlackElo "1475"]
[PlyCount "48"]
[EventDate "2005.03.28"]
[EventType "swiss"]
[EventRounds "7"]
[EventCountry "GER"]
[SourceTitle "CBM 105 Extra"]
[Source "ChessBase"]
[SourceDate "2005.05.01"]
[SourceVersion "1"]
[SourceVersionDate "2005.05.01"]
[SourceQuality "1"]

1. d4 d5 2. Nf3 Nf6 3. e3 Bg4 4. Bd3 Nbd7 5. 0-0 e5 6. Be2 Bd6 7. Nbd2 0-0 8. b3 e4 9. Ng5 Bxe2 10. Qxe2 c6 11. c4 Qc7 12. f4 exf3 13. Ndxf3 Ng4 14. g3 Rae8 15. Qc2 Ndf6 16. Re1 Ne4 17. cxd5 cxd5 18. Qg2 Bb4 19. Bd2 Nxd2 20. Nxd2 Nxe3 21. Qe2 Qd8 22. Ndf3 h6 23. h4 Bxe1 24. Qxe1 Nc2 0-1

[Event "OWL-ch U18 Girls"]
[Site "Hiddenhausen"]
[Date "2005.01.03"]
[Round "2"]
[White "Boernemeier, Bianca"]
[Black "Donner, Lioba"]
[Result "0-1"]
[WhiteElo "1523"]
[BlackElo "1397"]
[PlyCount "44"]
[EventDate "2005.01.02"]
[EventType "tourn"]
[EventRounds "5"]
[EventCountry "GER"]
[SourceTitle "EXT 2007"]
[Source "ChessBase"]
[SourceDate "2006.11.23"]
[SourceVersion "1"]
[SourceVersionDate "2006.11.23"]
[SourceQuality "1"]

1. e4 c5 2. Nf3 d6 3. d4 cxd4 4. Nxd4 Nf6 5. Nc3 a6 6. Be3 e5 7. Nb3 Be6 8. Be2 Nbd7 9. 0-0 Qc7 10. Qd2 Be7 11. Rfd1 0-0 12. f3 b5 13. a3 Rac8 14. Rac1 Rfd8 15. Bf1 Nb6 16. Qf2 Rb8 17. Nd2 d5 18. exd5 Nbxd5 19. Nxd5 Nxd5 20. Bd3 Nxe3 21. Re1 Nc4 22. Ne4 f5 0-1

[Event "GER-ch U16 Girls"]
[Site "Willingen"]
[Date "2004.06.02"]
[Round "7"]
[White "Popovic, Nathalie"]
[Black "Donner, Lioba"]
[Result "1/2-1/2"]
[WhiteElo "1497"]
[BlackElo "1524"]
[PlyCount "80"]
[EventDate "2004.06.??"]
[EventType "swiss"]
[EventRounds "9"]
[EventCountry "GER"]
[SourceTitle "EXT 2005"]
[Source "ChessBase"]
[SourceDate "2004.11.15"]
[SourceVersion "1"]
[SourceVersionDate "2004.11.15"]
[SourceQuality "1"]

1. d4 d5 2. c4 e6 3. Nc3 Nf6 4. Bg5 Nbd7 5. Nf3 Be7 6. e3 c6 7. cxd5 exd5 8. Bd3 Nh5 9. Bxe7 Qxe7 10. 0-0 0-0 11. Qc2 g6 12. Rab1 a5 13. Nd2 Nb6 14. a3 Ng7 15. b4 axb4 16. Rxb4 Nd7 17. Qb2 b5 18. a4 bxa4 19. Rxa4 Rxa4 20. Nxa4 c5 21. Nxc5 Nxc5 22. Qb4 Bf5 23. Bxf5 Nxf5 24. Qxc5 Qxc5 25. dxc5 Rc8 26. Rc1 Kf8 27. Nf3 Nd6 28. Nd2 Ke8 29. Rc2 f5 30. Kf1 Ne4 31. Nxe4 dxe4 32. Ke2 Kd7 33. Kd2 Kc6 34. Kc3 Kd5 35. Kb4 Rb8+ 36. Ka5 Kc6 37. Ka4 Rb5 38. Ka3 Rxc5 39. Rxc5+ Kxc5 40. Kb3 h6 1/2-1/2

[Event "NRW Holiday U16"]
[Site "Wewelsburg"]
[Date "2003.09.08"]
[Round "4"]
[White "Donner, Lioba"]
[Black "Zelbel, Patrick"]
[Result "1/2-1/2"]
[WhiteElo "1311"]
[BlackElo "1577"]
[PlyCount "44"]
[EventDate "2003.09.??"]
[EventType "swiss"]
[EventRounds "7"]
[EventCountry "GER"]
[SourceTitle "EXT 2005"]
[Source "ChessBase"]
[SourceDate "2004.11.15"]
[SourceVersion "1"]
[SourceVersionDate "2004.11.15"]
[SourceQuality "1"]

1. d4 Nf6 2. c4 g6 3. Nc3 Bg7 4. Nf3 d6 5. e3 Nbd7 6. Bd2 c5 7. Qc2 a6 8. Be2 Qc7 9. 0-0 0-0 10. h4 h5 11. Ne4 b6 12. Nxf6+ Nxf6 13. b4 Bf5 14. Bd3 Bxd3 15. Qxd3 Nd7 16. bxc5 bxc5 17. Bc3 Rfc8 18. Rfc1 Rab8 19. Rc2 e6 20. Rac1 Rb7 21. d5 e5 22. Bd2 Rcb8 1/2-1/2

[Event "NRW-ch U14 Girls"]
[Site "Kranenburg"]
[Date "2003.04.25"]
[Round "6"]
[White "Donner, Lioba"]
[Black "Tunc, Helin"]
[Result "1-0"]
[WhiteElo "1122"]
[BlackElo "736"]
[PlyCount "53"]
[EventDate "2003.04.??"]
[EventType "swiss"]
[EventRounds "7"]
[EventCountry "GER"]
[SourceTitle "EXT 2005"]
[Source "ChessBase"]
[SourceDate "2004.11.15"]
[SourceVersion "1"]
[SourceVersionDate "2004.11.15"]
[SourceQuality "1"]

1. e4 e5 2. Nf3 Nc6 3. Bc4 Bc5 4. d3 d6 5. Ng5 Qf6 6. 0-0 Nh6 7. h3 0-0 8. Nf3 Be6 9. Bb3 Rad8 10. Bg5 Qg6 11. Bxd8 Rxd8 12. Nc3 Bxh3 13. Ne1 Ng4 14. Qf3 Nd4 15. Qxh3 Ne2+ 16. Nxe2 c6 17. Nf3 Kh8 18. Nc3 Rf8 19. Rad1 f5 20. Nh4 Qg5 21. Nxf5 g6 22. d4 gxf5 23. dxc5 fxe4 24. Nxe4 Qf5 25. Rfe1 d5 26. Nd6 Qe6 27. f3 1-0

[Event "NRW-ch U14 Girls"]
[Site "Kranenburg"]
[Date "2003.04.24"]
[Round "5"]
[White "Goessler, Rebecca"]
[Black "Donner, Lioba"]
[Result "1/2-1/2"]
[WhiteElo "1373"]
[BlackElo "1122"]
[PlyCount "39"]
[EventDate "2003.04.??"]
[EventType "swiss"]
[EventRounds "7"]
[EventCountry "GER"]
[SourceTitle "EXT 2005"]
[Source "ChessBase"]
[SourceDate "2004.11.15"]
[SourceVersion "1"]
[SourceVersionDate "2004.11.15"]
[SourceQuality "1"]

1. e4 c5 2. Nf3 e6 3. d4 cxd4 4. Nxd4 Nc6 5. Nxc6 bxc6 6. Be3 Qc7 7. Nc3 a6 8. Be2 d5 9. exd5 cxd5 10. 0-0 Bd6 11. f4 Rb8 12. Rb1 Ne7 13. Bd3 Bc5 14. Bxc5 Qxc5+ 15. Kh1 0-0 16. Rf3 Qd6 17. Qe1 Ng6 18. Qf2 Bb7 19. Bxg6 fxg6 20. Ne2 1/2-1/2

[Event "NRW-ch U14 Girls"]
[Site "Kranenburg"]
[Date "2003.04.22"]
[Round "3"]
[White "Donner, Lioba"]
[Black "Sivaratnarajah, Samatie"]
[Result "1-0"]
[WhiteElo "1122"]
[BlackElo "1332"]
[PlyCount "68"]
[EventDate "2003.04.??"]
[EventType "swiss"]
[EventRounds "7"]
[EventCountry "GER"]
[SourceTitle "EXT 2005"]
[Source "ChessBase"]
[SourceDate "2004.11.15"]
[SourceVersion "1"]
[SourceVersionDate "2004.11.15"]
[SourceQuality "1"]

1. e4 e5 2. Nf3 Nc6 3. Bc4 Bc5 4. Nc3 Nf6 5. d3 d6 6. h3 Be6 7. Bb3 0-0 8. 0-0 h6 9. Be3 Bb6 10. Qd2 d5 11. exd5 Nxd5 12. Nxd5 Bxd5 13. Bxd5 Qxd5 14. Rfe1 e4 15. dxe4 Qxe4 16. Bxb6 Qg6 17. Bxc7 Rac8 18. Bf4 Rcd8 19. Qc3 Rfe8 20. Rxe8+ Rxe8 21. Be3 Qd6 22. Nd4 a6 23. Nxc6 bxc6 24. Bd4 f6 25. Rd1 Re2 26. Qc4+ Re6 27. Qxa6 Kh7 28. Qd3+ Kg8 29. Be3 Qb4 30. Qd8+ Kf7 31. Qd7+ Re7 32. Qd4 Qa5 33. Qc4+ Kf8 34. Bc5 Qc7 1-0